Loreto College Library, Kolkata
WEBOPAC (ONLINE PUBLIC ACCESS CATALOGUE)

India's economy (Record no. 38809)

MARC details
000 -LEADER
fixed length control field 00667nam a2200217Ia 4500
005 - DATE AND TIME OF LATEST TRANSACTION
control field 20230523110314.0
008 - FIXED-LENGTH DATA ELEMENTS--GENERAL INFORMATION
fixed length control field 131103s9999 xx 000 0 und d
020 ## - ISBN | অাই এস বি এন
ISBN | অাই এস বি এন 198074956
PRICE 395.00
040 ## - CATALOGING SOURCE
Original cataloging agency Loreto College
041 ## - LANGUAGE CODE
Language code English
082 ## - DDC | ডিউই
Classification number | বর্গসংখ্যা 330.954
Book Number | গ্রন্থাঙ্ক ACH
245 ## - TITLE STATEMENT | অাখ্যা বিবরণী
Title | অাখ্যা India's economy
Sub title | উপঅাখ্যা Performance and challenges : Essays in honour of Montek Singh Ahluwalia
Statement of responsibility | লেখকের দায়িত্বের বিবরণ Edited by Shankar Acharya and Rakesh Mohan
260 ## - IMPRINT | প্রকাশনা ক্ষেত্র
Place of publication | প্রকাশ স্থান New Delhi
Name of publisher | প্রকাশকের নাম Oxford University Press
Date of publication | প্রকাশ কাল 2011
300 ## - PHYSICAL DESCRIPTION |
Page / Vol. No | পৃষ্ঠা / খন্ড সংখ্যা xv,465p
Other physical details | অনান্য বাহ্যিক বিবরণ 22cm
650 ## - SUBJECT ADDED ENTRY--TOPICAL TERM | বিষয় শিরোনাম - মূল বিষয়
Topical term | মূল বিষয় Indian economy
650 ## - SUBJECT ADDED ENTRY--TOPICAL TERM | বিষয় শিরোনাম - মূল বিষয়
Topical term | মূল বিষয় Economy-India
700 ## - ADDED ENTRY--PERSONAL NAME | অতিরিক্ত সংলেখ - ব্
Relator code | দায়িত্ব নির্দেশক ed.
Personal name | ব্যাক্তিনাম Acharya,Shankar
700 ## - ADDED ENTRY--PERSONAL NAME | অতিরিক্ত সংলেখ - ব্
Relator code | দায়িত্ব নির্দেশক ed.
Personal name | ব্যাক্তিনাম Mohan,Rakesh
850 ## - HOLDING INSTITUTION
Holding institution LCLIB
942 ## - ADDED ENTRY ELEMENTS (KOHA)
Koha item type Books
Holdings
Withdrawn status Lost status Source of classification Damaged status Not for loan Home library Current library Date acquired Total Checkouts Full call number Accession No. Date last seen Date checked out Price effective from Koha item type
    Dewey Decimal Classification     Loreto College Loreto College 04/11/2013 4 330.954 ACH 50205 B42385 01/09/2022 22/08/2022 04/11/2013 Books
    Dewey Decimal Classification     Loreto College Loreto College 11/12/2013 3 330.954 ACH 50269 42438 02/03/2022 23/02/2022 11/12/2013 Books